Tratado de direito constitucional financeiro e tributário (Record no. 642)

MARC details
000 -LÍDER
Campo Fixo de Controle 01006nam a2200277 a 4500
001 - NÚMERO DE CONTROLE
Campo de Controle 642
003 - IDENTIFICAÇÃO DO NÚMERO DE CONTROLE
Campo de Controle BR-CuiBMT
005 - DATA E HORA DA ÚLTIMA ATUALIZAÇÃO
Campo de Controle 20231127201437.0
008 - DADOS FIXOS
Dados Fixos 231111s2007 rjb 001 0 por d
020 ## - INTERNATIONAL STANDARD BOOK NUMBER
Nº do ISBN 9788571477384 (v.1)
020 ## - INTERNATIONAL STANDARD BOOK NUMBER
Nº do ISBN 9788571476141 (v.4)
040 ## - AGÊNCIA CATALOGADORA
Código da Agência Catalogadora BR-CuiBMT
Agência que transcreveu o registro BR-CuiBMT
080 ## - Nº DA CLASSIFICAÇÃO DECIMAL UNIVERSAL
Nº edição CDU 2007
Nº Class. CDU 346.15:336.2
090 ## - NÚMERO DE CHAMADA
Nº classificação 346.15:336.2
Cutter T693t
100 1# - ENTRADA PRINCIPAL -- AUTOR PESSOAL
Nome pessoal Torres, Ricardo Lobo
Datas associadas ao nome 1935-
245 10 - TÍTULO PRINCIPAL
Título principal Tratado de direito constitucional financeiro e tributário
Indicação de responsabilidade Ricardo Lobo Torres.
260 ## - PUBLICAÇÃO, DISTRIBUIÇÃO, ETC.
Local de publicação Rio de Janeiro :
Editora Renovar,
Data 2007-2009
504 ## - NOTA DE BIBLIOGRAFIA, ETC.
Nota de bibliografia Inclui bibliografia e índice.
505 0# - NOTA DE CONTEÚDO
Nota de conteúdo v.1. Constituição Financeira - Sistema tributário e Estado fiscal -- v. 4. Os tributos na constituição.
650 ## - ASSUNTO TÓPICO
Cabeçalho tópico ou nome geográfico Direito financeiro e tributário
Subdivisão geográfica Brasil
650 ## - ASSUNTO TÓPICO
Cabeçalho tópico ou nome geográfico Direito constitucional
650 ## - ASSUNTO TÓPICO
Cabeçalho tópico ou nome geográfico Capacidade contributiva (direito tributário)
Subdivisão geográfica Brasil
650 ## - ASSUNTO TÓPICO
Cabeçalho tópico ou nome geográfico Igualdade perante a lei
Subdivisão geográfica Brasil
650 ## - ASSUNTO TÓPICO
Cabeçalho tópico ou nome geográfico Orçamento
Subdivisão geral Legislação
Subdivisão geográfica Brasil
942 ## - ELEMENTOS DE ENTRADA ADICIONAIS (KOHA)
Fonte de classificação ou esquema de arquivamento Classificação Decimal Universal
Tipo de item do Koha Livros
Holdings
Estado: removido Estado: perdido Fonte de classificação ou esquema de arquivamento Estado: danificado Indisponível para empréstimo Localização permanente Localização atual Data de aquisição Numeração serial ou cronológica (Volume) Total Checkouts Número de Chamada completo Código de barras Date last seen Número do exemplar Preço efetivo a partir de Tipo de item (Koha)
    Classificação Decimal Universal     Biblioteca da Escola Superior de Contas do TCE/MT Biblioteca da Escola Superior de Contas do TCE/MT 11/11/2023 v. 4   346.15:336.2 T693t BIBTCEMT23110464 12/11/2023 Ex. 1 12/11/2023 Livros
    Classificação Decimal Universal     Biblioteca da Escola Superior de Contas do TCE/MT Biblioteca da Escola Superior de Contas do TCE/MT 02/04/2013 v. 1   346.15:336.2 T693t BIBTCEMT23111082 24/11/2023 Ex. 1 24/11/2023 Livros

Powered by Koha